Carregant...

Christuvinte Kashtanubavangal

Dades bibliogràfiques
Autor principal: Rebaira
Format: Printed Book
Idioma:Malayalam
Publicat: Quilon V. V. press 1923
LEADER 00405nam a2200121Ia 4500
008 111205s9999 xx 000 0 mal d
100 |a Rebaira 
245 |a Christuvinte Kashtanubavangal  |c Rebaira 
260 |b V. V. press  |a  Quilon  |c 1923 
300 |a 277 
942 |c BK 
999 |c 202019  |d 202019 
952 |0 0  |1 0  |4 0  |6 S_1R3  |7 0  |9 223534  |a MAL  |b MAL  |c ST1  |d 2006-10-16  |g 0.00  |l 0  |o S1R3  |p MAL13913  |r 2015-04-13  |v 0.00  |w 2015-04-13  |y BK  |k 1.00